Normal view MARC view
  • Gonzalez, Rafael .C

Entry Personal Name

Number of records used in: 1

001 - CONTROL NUMBER

  • control field: 87129

003 - CONTROL NUMBER IDENTIFIER

  • control field: NUST

005 - DATE AND TIME OF LATEST TRANSACTION

  • control field: 20211230104045.0

008 - FIXED-LENGTH DATA ELEMENTS

  • fixed length control field: 211230|| aca||aabn | a|a d

040 ## - CATALOGING SOURCE

  • Original cataloging agency: NUST
  • Transcribing agency: NUST

100 ## - HEADING--PERSONAL NAME

  • Personal name: Gonzalez, Rafael .C

670 ## - SOURCE DATA FOUND

  • Source citation: Work cat.: (NUST)33126: Gonzalez, Rafael .C, Digital Image Processing Using Matlab\, 2012
© 2023 Central Library, National University of Sciences and Technology. All Rights Reserved.